000
00195 a2200097 4500
001
17463
100
_a
Rosenblat
245
_a
Random processes
260
_a
_b
Springer
_c
090
_c
12904
_d
12904
942
_a
NUST-CAE
_c
M
_c
3230
999
_c
252536
_d
252536